Marki zupek instant - Statystyki

Ogólne statystyki
  • Ten quiz został rozwiązany 134 razy
  • Średni wynik to 3 z 12
Statystyki odpowiedzi
Pierwsza litera Nazwa marki % Poprawnych
V Vifon
90%
K Knorr
82%
A Amino
80%
O Oyakata
41%
Y Yum Yum
9%
G Goong
5%
M Mama
5%
N Nongshim
3%
K Kuksu
2%
N Noodlicous
2%
I Indomie
1%
K Ko-Lee
0%
Nie znaleziono quizów pasujących do podanych kryteriów
Rozkład punktacji
Procent ludzi z każdym wynikiem
Percentyl według liczby udzielonych odpowiedzi
Twoja historia wyników
Nie rozwiązałeś tego quizu